000 00311nam a2200121Ia 4500
008 190216s9999||||xx |||||||||||||| ||und||
100 _aWood F T
245 2 _aA Remedial English Grammer For Foreign Students
260 _bMacmillan India Ltd
_c1965
300 _a213p
650 _aEnglish Grammar
942 _cBK
999 _c12526
_d12526